RAWATAN PEMBEDAHAN PERGIGIAN DAN PENYAKIT DALAM MULUT / (Record no. 193885)

MARC details
000 -LEADER
fixed length control field 01121nam a2200289 i 4500
005 - DATE AND TIME OF LATEST TRANSACTION
control field 20231207123153.0
008 - FIXED-LENGTH DATA ELEMENTS--GENERAL INFORMATION
fixed length control field 231207s2023 my ao g 000 0cmay d
020 ## - INTERNATIONAL STANDARD BOOK NUMBER
International Standard Book Number 9786297534404
Terms of availability RM20.00
Qualifying information paperback
040 ## - CATALOGING SOURCE
Original cataloging agency PPAK
Language of cataloging eng
Transcribing agency PPAK
Description conventions rda
082 04 - DEWEY DECIMAL CLASSIFICATION NUMBER
Edition number 23
Classification number 617.6
090 00 - LOCALLY ASSIGNED LC-TYPE CALL NUMBER (OCLC); LOCAL CALL NUMBER (RLIN)
Classification number (OCLC) (R) ; Classification number, CALL (RLIN) (NR) 617.6
Feature heading RAW
Feature heading G
245 00 - TITLE STATEMENT
Title RAWATAN PEMBEDAHAN PERGIGIAN DAN PENYAKIT DALAM MULUT /
Statement of responsibility, etc. Penyunting : Azrul Hafiz Abdul Aziz, John Chong Keat Hon, Faezah Rokhani ; Editor Pengurusan: Khairunnajwa Mohd Tahet
264 #1 - PRODUCTION, PUBLICATION, DISTRIBUTION, MANUFACTURE, AND COPYRIGHT NOTICE
Place of production, publication, distribution, manufacture Nilai, Negeri Sembilan :
Name of producer, publisher, distributor, manufacturer Penerbit USIM,
Date of production, publication, distribution, manufacture, or copyright notice 2023
300 ## - PHYSICAL DESCRIPTION
Extent 1 volume (various pagings) :
Other physical details illustrations, photographs ;
Dimensions 23 cm
336 ## - CONTENT TYPE
Content type term text
Source rdacontent
337 ## - MEDIA TYPE
Media type term unmediated
Source rdamedia
338 ## - CARRIER TYPE
Carrier type term volume
Source rdacarrier
504 ## - BIBLIOGRAPHY, ETC. NOTE
Bibliography, etc. note Includes bibliographical references and index
650 10 - SUBJECT ADDED ENTRY--TOPICAL TERM
Topical term or geographic name entry element Dentistry
Topical term or geographic name entry element Maxilla
General subdivision Surgery
Topical term or geographic name entry element Mouth
General subdivision Surgery
700 0# - ADDED ENTRY--PERSONAL NAME
Personal name Azrul Hafiz Abdul Aziz,
Relator term editor.
Personal name Chong, John Keat Hon,
Relator term editor.
Personal name Faezah Rokhani,
Relator term editor.
Personal name Khairunnajwa Mohd Tahet,
Relator term editor.
942 ## - ADDED ENTRY ELEMENTS (KOHA)
Source of classification or shelving scheme Dewey Decimal Classification
Koha item type Book
Holdings
Withdrawn Not for loan Current library Shelving location Date acquired Total Checkouts Full call number Barcode Date last seen Koha item type
    Perpustakaan Alor Setar Pinjaman Dewasa 21/12/2023   617.6 RAW A01800536 21/12/2023 Book
    Perpustakaan Awam Sungai Petani Pinjaman Dewasa 21/12/2023   617.6 RAW A01800537 21/12/2023 Book
    Perpustakaan Baling Pinjaman Dewasa 21/12/2023   617.6 RAW A01800541 21/12/2023 Book
    Perpustakaan Jitra Pinjaman Dewasa 21/12/2023   617.6 RAW A01800538 21/12/2023 Book
    Perpustakaan Kulim Pinjaman Dewasa 21/12/2023   617.6 RAW A01800540 21/12/2023 Book
    Perpustakaan Langkawi Pinjaman Dewasa 21/12/2023   617.6 RAW A01800539 21/12/2023 Book
    Perpustakaan Merbok Pinjaman Dewasa 21/12/2023   617.6 RAW A01800542 21/12/2023 Book